000 00619nam a22001817a 4500
005 20251108164157.0
008 250721s1994 xx 000 0 ara d
082 1 4 _a342.62/خال
100 1 _aمحمد، خالد عبد الفتاح
245 1 0 _aموسوعة المبادئ القانونية التي قررتها المحكمة الإدارية العليا في التأديب من عام 1981-1989 /
264 1 _aالقاهرة :
_c1994.
300 _a907ص
650 1 7 _aالقانون الإداري
650 1 7 _aالقانون الجنائي
650 1 7 _aمصر
942 _2ddc
_cBK
999 _c5582
_d5582